Proč přechod průběžného penzijního systému na fondový nijak nesouvisí s demografickým vývojem?

Penzijný systém ako spôsob prerozdelenia produkcie a Aaronovo pravidlo. Možné makroekonomické dôsledky zmeny penzijného systému na ponuku práce, úsporu a kapitálovú zásobu.

Salvato in:
Dettagli Bibliografici
Autore principale: Kubíček, Jan
Natura: Capitolo di libro
Lingua:ceco
Soggetti:
Tags: Aggiungi Tag
Nessun Tag, puoi essere il primo ad aggiungerne!!

MARC

LEADER 00000naa$a2200000$$$4500
001 0081061
005 20231019131529.0
041 0 |a cze 
044 |a CZ 
245 1 0 |a Proč přechod průběžného penzijního systému na fondový nijak nesouvisí s demografickým vývojem?  |c Jan Kubíček 
520 |a Penzijný systém ako spôsob prerozdelenia produkcie a Aaronovo pravidlo. Možné makroekonomické dôsledky zmeny penzijného systému na ponuku práce, úsporu a kapitálovú zásobu. 
610 2 0 |a systémy dôchodkové 
610 2 0 |a modely ekonometrické 
610 2 0 |a vývoj populačný 
610 2 0 |a fondy penzijné 
610 2 0 |a úspory obyvateľstva 
610 2 0 |a dôchodky starobné 
100 1 |a Kubíček, Jan